Measuring services sector liberalization and its impact on services GDP in Pakistan/ (Record no. 331336)
[ view plain ]
| 000 -LEADER | |
|---|---|
| fixed length control field | 00627nam a22002057a 4500 |
| 003 - CONTROL NUMBER IDENTIFIER | |
| control field | NUST |
| 005 - DATE AND TIME OF LATEST TRANSACTION | |
| control field | 20250220130900.0 |
| 008 - FIXED-LENGTH DATA ELEMENTS--GENERAL INFORMATION | |
| fixed length control field | 170925b xxu||||| |||| 00| 0 eng d |
| 038 ## - RECORD CONTENT LICENSOR | |
| Staff Name | Noman |
| 040 ## - CATALOGING SOURCE | |
| Transcribing agency | NUST |
| 082 ## - DEWEY DECIMAL CLASSIFICATION NUMBER | |
| Classification number | 200 |
| 100 ## - MAIN ENTRY--PERSONAL NAME | |
| Personal name | Mahfooz,Maryam |
| 9 (RLIN) | 4961 |
| 245 ## - TITLE STATEMENT | |
| Title | Measuring services sector liberalization and its impact on services GDP in Pakistan/ |
| Statement of responsibility, etc. | Maryam Mahfooz, |
| 260 ## - PUBLICATION, DISTRIBUTION, ETC. | |
| Place of publication, distribution, etc. | Islamabad; |
| Date of publication, distribution, etc. | 2014. |
| Name of publisher, distributor, etc. | S3H NUST: |
| 300 ## - PHYSICAL DESCRIPTION | |
| Extent | 51p. |
| 600 ## - SUBJECT ADDED ENTRY--PERSONAL NAME | |
| General subdivision | MS- Economics |
| 9 (RLIN) | 127866 |
| 700 ## - ADDED ENTRY--PERSONAL NAME | |
| Personal name | Supervisor: Dr. Zafar Mehmood |
| 9 (RLIN) | 127927 |
| 856 ## - ELECTRONIC LOCATION AND ACCESS | |
| Uniform Resource Identifier | <a href="http://10.250.8.41:8080/xmlui/handle/123456789/8456">http://10.250.8.41:8080/xmlui/handle/123456789/8456</a> |
| 942 ## - ADDED ENTRY ELEMENTS (KOHA) | |
| Source of classification or shelving scheme | |
| Koha item type | Soft Copy |
| Withdrawn status | Lost status | Source of classification or shelving scheme | Damaged status | Not for loan | Permanent Location | Current Location | Shelving location | Date acquired | Full call number | Barcode | Date last seen | Price effective from | Koha item type |
|---|---|---|---|---|---|---|---|---|---|---|---|---|---|
| Central Library (CL) | Central Library (CL) | Thesis | 09/25/2017 | 200 | S3H-T-145 | 09/25/2017 | 09/25/2017 | Soft Copy | |||||
| Central Library (CL) | Central Library (CL) | Thesis | 02/18/2020 | 200 | CL-T-5124 | 02/18/2020 | 02/18/2020 | Soft Copy |
